The challenge of youth / (Record no. 7388)

MARC details
000 -LEADER
fixed length control field 01125nam a2200193 a 4500
003 - CONTROL NUMBER IDENTIFIER
control field PILC
005 - DATE AND TIME OF LATEST TRANSACTION
control field 20251107085222.0
008 - FIXED-LENGTH DATA ELEMENTS--GENERAL INFORMATION
fixed length control field 050504s1965 xx 00 eng d
010 ## - LIBRARY OF CONGRESS CONTROL NUMBER
LC control number Acc#19299
040 ## - CATALOGING SOURCE
Transcribing agency Philippine Baptist Theological Seminary
050 ## - LIBRARY OF CONGRESS CALL NUMBER
Classification number HQ 796
Item number C352 1965
245 10 - TITLE STATEMENT
Title The challenge of youth /
264 ## - PRODUCTION, PUBLICATION, DISTRIBUTION, MANUFACTURE, AND COPYRIGHT NOTICE
Place of production, publication, distribution, manufacture Garden City, NY :
Name of producer, publisher, distributor, manufacturer Doubleday & Company, Inc,
Date of production, publication, distribution, manufacture, or copyright notice ©1965.
300 ## - PHYSICAL DESCRIPTION
Extent 340 p. ; 18 cm.
505 ## - FORMATTED CONTENTS NOTE
Formatted contents note Youth: Fidelity and diversity -<br/>Archetypal patterns of youth --<br/>Youth and society: some observations --<br/>The problem of generations --<br/>Youth and society: some observations --<br/>The problem of generations --<br/>Youth in the context of American society --<br/>Technology sets new tasks --<br/>American youth today: a bigger cast, a wider screen --<br/>Youth and the peace corps --<br/>Social change and youth in America --<br/>Serpents and doves: non-violent youth in the South --<br/>Youth and history: individual change in postwar Japan --<br/>Youth in France and the United States --<br/>Soviet Youth: myth and reality <br/>
650 ## - SUBJECT ADDED ENTRY--TOPICAL TERM
Topical term or geographic name as entry element YOUTH
General subdivision UNITED STATES
700 ## - ADDED ENTRY--PERSONAL NAME
Personal name Erikson, Erik H., ed.
942 ## - ADDED ENTRY ELEMENTS (KOHA)
Koha item type Circulation Books
Source of classification or shelving scheme Library of Congress Classification
Holdings
Withdrawn status Lost status Source of classification or shelving scheme Damaged status Not for loan Home library Current library Shelving location Date acquired Total Checkouts Full call number Barcode Date last seen Date last checked out Price effective from Koha item type
    Dewey Decimal Classification     PBTS Library PBTS Library Circulation Section 05/04/2005 3 HQ 796 C352 1965 19299 02/24/2026 10/23/2018 04/02/2015 Circulation Books

Philippine Baptist Theological Seminary | 19 Tacay Road, Central Guisad, Baguio City 2600, Philippines